000 01417nam a2200337 a 4500
001 ebr10231225
003 CaPaEBR
006 m u
007 cr cn|||||||||
008 810819s1982 mnug sb 001 0 eng d
010 _z 81013090
020 _z0816610290
020 _z9780816610297
020 _z9780816663217
040 _aCaPaEBR
_cCaPaEBR
035 _a(OCoLC)233578588
050 1 4 _aML3849
_b.J67 1982eb
082 0 4 _a784.3/001/5
_219
100 1 _aJorgens, Elise Bickford.
245 1 4 _aThe well-tun'd word
_h[electronic resource] :
_bmusical interpretations of English poetry, 1597-1651 /
_cElise Bickford Jorgens.
260 _aMinneapolis :
_bUniversity of Minnesota Press,
_cc1982.
300 _axx, 298 p. :
_bmusic.
504 _aIncludes bibliographical references (p. 283-288) and index.
533 _aElectronic reproduction.
_bPalo Alto, Calif. :
_cebrary,
_d2013.
_nAvailable via World Wide Web.
_nAccess may be limited to ebrary affiliated libraries.
650 0 _aMusic and literature
_xHistory
_y17th century.
650 0 _aSongs, English
_zEngland
_y17th century
_xHistory and criticism.
650 0 _aEnglish poetry
_yEarly modern, 1500-1700
_xHistory and criticism.
655 7 _aElectronic books.
_2local
710 2 _aebrary, Inc.
856 4 0 _uhttp://site.ebrary.com/lib/rucke/Doc?id=10231225
_zAn electronic book accessible through the World Wide Web; click to view
999 _c39614
_d39614